Reverse Dictionary #101 - Statistics

General Stats
  • This quiz has been taken 27 times
  • The average score is 15 of 25
Answer Stats
Definition First
Letter
Word % Correct
To cut, grip, or tear with the teeth. B bite
92%
A male child. B boy
88%
Feeling a desire to drink. T thirsty
88%
The part of the body joining the head to the shoulders or trunk. N neck
84%
1. A sweet baked food made of flour, liquid, eggs, and other ingredients, such as raising agents and flavorings. 2. A shaped or molded piece, as of soap or ice. C cake
80%
Of, relating to, or concerned with law. L legal
80%
A crude image or effigy of a person set up in a field to scare birds away from growing crops. S scarecrow
80%
Vocal or instrumental sounds possessing a degree of melody, harmony, or rhythm. M music
76%
To weep aloud with convulsive gasping; to cry uncontrollably. S sob
76%
To take or acquire (something given or offered); to get or to be given. R receive
68%
Any of several forms of a vegetable (Brassica oleracea var. capitata) of the mustard family, having a globose head consisting of a short stem and tightly overlapping green to purplish leaves. C cabbage
64%
To abstain or be relieved from exertion. R rest
60%
Stricken with sudden fear or alarm. S scared
60%
1. Extremely large in amount, extent, or size; enormous. 2. Very great in scope or importance. 3. Remarkable; outstanding. T tremendous
60%
Capable of being made suitable to or fit for a specific use or situation. A adaptable
56%
To regard with great or uncritical admiration or devotion. I idolize
56%
So bright as to blind someone temporarily. D dazzling
52%
Inclined to give way to pressure, argument, or influence; docile. Y yielding
52%
Having, covered with, or resembling long rough hair or wool. S shaggy
48%
1. To assert the opposite of a statement or idea put forward by (someone). 2. To be contrary to; to be inconsistent with. C contradict
44%
1. To be similar or equivalent in character, quantity, origin, structure, or function. 2. To communicate by letter, usually over a period of time. C correspond
40%
No longer occupied or used; abandoned. D deserted
40%
1. Suggestive of or afflicted with extreme mental derangement. 2. Characterized by excessive enthusiasm or excitement. M maniacal
36%
Confused, befuddled or perplexed by many conflicting situations or statements. B bewildered
28%
1. The application of techniques or technology to the production of new goods or services. 2. A group of dwellings built by the same contractor. D development
24%
No matching quizzes found
Score Distribution
Percent of People with Each Score
Percentile by Number Answered
Your Score History
You have not taken this quiz